| 000 | 00382 a2200133 4500 | ||
|---|---|---|---|
| 001 | 91951 | ||
| 082 | _aPR 1723 | ||
| 090 |
_c43898 _d43897 |
||
| 100 | _aJunad Alam, M.; Prof Irfan Majeed, Advisor | ||
| 245 |
_aDesign and Development of a Digital Avionics Network Based on Can Bus _n64 "B" EC |
||
| 260 |
_aRawalpindi _bNUST _c2008 |
||
| 300 | _a112p | ||
| 500 | _aBE Project Reports | ||
| 942 |
_aCAE NUST _kPR 1723 |
||
| 999 |
_c327024 _d327024 |
||